000 00903cam a22002411i 4500
003 SA-RiAUC
005 20250415071330.0
008 250415s2011____su g d 000 0 ara c
040 _aSA-AbKKU
_bara
_cSA-RiAUC
_erda
043 _aa-su---
082 0 4 _a953.12103
_qSA-RiAUC
090 _a953.12103
_b ز هـ ر
100 1 _aالزهراني، عبد الله الأبح،
_d1975-
_eمؤلف.
245 1 0 _aمعجم أسماء مكة /
_cعبد الله بن محمد الأبح الزهراني.
264 1 _aالطائف، السعودية :
_bدار الطرفين،
_c2011
300 _a244 صفحة ؛
_c24 سم
336 _aنص
_btxt
_2rdacontent
_3كتاب
337 _aبدون وسيط
_bn
_2rdamedia
338 _aمجلد
_bnc
_2rdacarrier
651 7 _aمكة المكرمة
_vمعاجم جغرافية
_2aucsh
942 _2ddc
_cBOOK
_n0
949 _aSA-JeALM
_d250415
_umohamedma123
_n1
999 _c7060
_d7060